| 000 | 00951nam a2200169 i 4500 | ||
|---|---|---|---|
| 001 | 172297 | ||
| 003 | ES-MaACL | ||
| 005 | 20230906214851.0 | ||
| 008 | 090624s1977 be |||| | fre d | ||
| 080 | _a792(038) | ||
| 245 | 0 | 3 |
_aAn international vocabulary of technical theatre terms : in eight languages (American, Dutch, English, French, German, Italian, Spanish, Swedish) _b= Lexique international de termes techniques de théâtre : en huit langues (allemand, américain, anglais,...) / _cedited by Kenneth Rae and Richard Southern for the International Theatre Institute = rassemblé par K... Rae et R... Southern pour l'Institut international du théâtre. |
| 246 | 1 | 1 | _aLexique international de termes techniques de théâtre |
| 260 |
_aParis ; _aBruxelles : _bMeddens, _c1977. |
||
| 300 |
_a139 p. ; _c18 cm. |
||
| 650 | 0 | 4 |
_aTeatro- _vDiccionarios. _917300 |
| 852 | 4 |
_aES-MaACL _jE-12726 _9R.190330 _z. - Biblioteca Jacinto Martínez Lacalle |
|
| 999 |
_c172297 _d172297 |
||